The evaluation of contamination of landslide lakes in the Babia Góra National Park

Bibliographic Details
Main Authors: Sala, D. (Author), Rzepa, G. (Author)
Format: Article
Language:Slovak
English
Subjects:

MARC

LEADER 00000nab a2200000 a 4500
001 vtls010259942
003 SK-MaSNL
005 20260304155852.0
008 25050709c2009 xo o |||||||||||||||slon
015 |a SNBRB2010/03 
035 |a SVKKK000099996 
035 |a (urnnbn)urn:nbn:sk:snk:ar-005kje 
035 |a (uuid)5b480e3d-8f5c-4963-9601-17992b151034 
035 |a urn:nbn:sk:snk-ab80o0 
038 |a SVKKK 
040 |a SNKBUCL  |b slo  |c SNKBUCL  |e AACR2 
041 0 |a eng 
044 |a xo  |c SK 
080 |a 504.455  |2 1997 
080 |a 502.72  |2 1997 
100 1 |a Sala, D.  |4 aut  |9 1482037 
245 1 4 |a The evaluation of contamination of landslide lakes in the Babia Góra National Park  |c D. Sala, G. Rzepa 
650 0 7 |a zosuvné jazerá  |x znečistenie  |2 snkbucl  |9 1482038 
651 7 |a Babiogórski Park Narodowy (Poľsko)  |2 SNKPHgeo  |9 53272 
700 1 |a Rzepa, G.  |4 aut  |9 1482036 
773 0 |t Mineralia slovaca  |g Roč. 41, č. 3 (2009)  |g Č. 3 (2009), s. 368  |x 0369-2086 
773 0 |t Geovestník  |g Roč. 41, č. 3 (2009)  |g Č. 3 (2009), s. 368  |x 0369-2086 
850 |a Slovenská národná knižnica 
852 |a Slovenská národná knižnica 
958 |a article9 
958 |a OND 
958 |a PL 
958 |a EUIPO 
999 |c 2964521  |d 2966451